000 00293nam a2200133 i 4500
001 bg
100 1 _aSZAFRAŃSKI, B.
245 0 _aKomputer Vax /
_cB. Szafrański.
260 _aWarszawa,
_c1989.
040 _cBPK
041 _apol
942 _cKS
008 s pl f |000 0 pol
999 _c4064
_d4064
856 _uhttp://koha.tu.koszalin.pl/cgi-bin/koha/opac-detail.pl?biblionumber=4064
_yKatalog online BPK